První pražská defenestrace Krvavá neděle uprostřed léta
Saved in:
| Main Author | |
|---|---|
| Format | Electronic eBook |
| Language | Czech |
| Published |
Karolinum
2024
|
| Edition | 1. elektronické vydání |
| Subjects | |
| Online Access | Dostupné v BOOKPORT po přihlášení pomocí eduID |
| ISBN | 978-80-246-5974-9 978-80-246-5975-6 978-80-246-5945-9 |
| Physical Description | 1 online zdroj (248 stran) |
| LEADER | 00000nam a2200000 i 4500 | ||
|---|---|---|---|
| 001 | bkp500234341 | ||
| 003 | CZ-prgp | ||
| 005 | 20250312084848.0 | ||
| 006 | m o d | ||
| 007 | cr cn | ||
| 008 | 250312s2024 xr o 000 0 cze | ||
| 020 | |a 978-80-246-5974-9 |c 250 Kč |q (online ; pdf) | ||
| 020 | |a 978-80-246-5975-6 |c 250 Kč |q (online ; epub) | ||
| 020 | |a 978-80-246-5945-9 |c 360 Kč |q (print) | ||
| 040 | |a Grada |b cze |e rda | ||
| 100 | 1 | |a Čornej, Petr | |
| 245 | 1 | 0 | |a První pražská defenestrace |b Krvavá neděle uprostřed léta |c Petr Čornej |
| 250 | |a 1. elektronické vydání | ||
| 264 | 1 | |b Karolinum |c 2024 | |
| 300 | |a 1 online zdroj (248 stran) | ||
| 336 | |a text |b txt |2 rdacontent | ||
| 337 | |a počítač |b c |2 rdamedia | ||
| 338 | |a online zdroj |b cr |2 rdacarrier | ||
| 520 | 3 | |a První pražská defenestrace zahájila husitskou revoluci, která zásadním způsobem proměnila tvářnost českého pozdně středověkého státu. Svržením několika konšelů a dalších úředníků z oken Novoměstské radnice vyvrcholil odpor pražské husitské obce proti kompromisní politice Václava IV., zprvu sympatizujícího s reformním hnutím, posléze však ustupujícího nevybíravému tlaku papežství i římského a uherského krále Zikmunda Lucemburského. Na scénu velkých dějin vkročily s revolučním výbuchem, jehož příčiny i pozadí kniha v překvapivých souvislostech objasňuje, nejen výrazné osobnosti Jana Žižky a Jana Želivského, ale také celá plejáda pozoruhodných, leč neprávem zapomenutých lidí. Průběhem i symbolikou inspirovala první pražská defenestrace politické převraty v letech 1483 a 1618 a jako pojem zakotvila hluboko v českém historickém vědomí. Nové, upravené vydání je oproti předchozímu vydání doplněno o nedávno zjištěné poznatky a o aktualizovaný poznámkový aparát obsahující odkazy na prameny a základní odbornou literaturu. | |
| 650 | 0 | 4 | |a Dějiny |
| 856 | 4 | 0 | |u https://www.bookport.cz/AccountSaml/SignIn/?idp=https://shibboleth.utb.cz/idp/shibboleth&returnUrl=/kniha/prvni-prazska-defenestrace-14646/ |y Dostupné v BOOKPORT po přihlášení pomocí eduID |